| 000 | 00510nam a2200229Ia 4500 | ||
|---|---|---|---|
| 008 | 210210b xxu||||| |||| 00| 0 eng d | ||
| 041 | _aeng | ||
| 082 | _a540.03 THOD | ||
| 100 | _aTHOMPSON (Frank E) | ||
| 245 | _aDictionary of elementary chemistry Ed 6 | ||
| 250 | _a | ||
| 260 |
_aLondon _bW & G Foyle Ltd., _c |
||
| 300 | _a127 | ||
| 650 | _aof | ||
| 650 | _aelementary | ||
| 650 | _aEd | ||
| 650 | _aDictionary | ||
| 650 | _achemistry | ||
| 650 | _a6 | ||
| 690 | _aChemistry | ||
| 906 | _a010086 | ||
| 999 |
_c116242 _d116242 |
||